000 00180nam a22000857a 4500
082 _a621.313LIS
100 _aLister Eugene C
245 _aElectric circuits and machines
942 _cBK
999 _c15215
_d15215